Emprendimiento y rasgos de personalidad

Existen diversos planteamientos en torno al Emprendimiento y sobre todo a las características de los emprendedores, varios autores plantean que son los rasgos de personalidad los que predominan sobre la preparación a la hora de iniciar un nuevo proyecto. Otros plantean que las iniciativas nacen de u...

Täydet tiedot

Bibliografiset tiedot
Päätekijä: Cárdenas Calle, Miguel
Aineistotyyppi: Opinnäyte Kirja
Kieli:Spanish
Aiheet:
Linkit:http://nas.ucuenca.edu.ec/BibliotecaDigital/ebooks/td4331.pdf

MARC

LEADER 00000nam a2200000 a 4500
001 TD4-331
005 20240327142404.0
008 010071|2010 ||||||||r|||||||||||spa||
040 |b spa 
041 1 |a spa 
100 1 |a Cárdenas Calle, Miguel  |9 166043 
245 |a Emprendimiento y rasgos de personalidad  |c Miguel Cárdenas Calle. Director Germán Cárdenas Verdugo  |h cd 
264 |a Cuenca  |c 2010 
300 |a CD  |c 18 cm 
502 |a Diplomado Superior en Emprendimiento e Innovación  |b Universidad de Cuenca  |c eco  |d Cárdenas Verdugo, Germán, dir.  |e DIPLOMADO Superior en Emprendimiento e Innovación 
504 |a incl. ref. 
520 3 |a Existen diversos planteamientos en torno al Emprendimiento y sobre todo a las características de los emprendedores, varios autores plantean que son los rasgos de personalidad los que predominan sobre la preparación a la hora de iniciar un nuevo proyecto. Otros plantean que las iniciativas nacen de una suigeneris combinación de carácter y formación académica. Mientras tanto que una adecuada sensibilización, acompañada de un proceso de capacitación junto a la experiencia del emprendedor es la fórmula adecuada para alcanzar el éxito, según otro grupo de investigadores. Dentro de estas consideraciones no podemos dejar de lado aquellas experiencias de emprendimiento en donde las circunstancias y el entorno han llevado a las personas a lograr establecer negocios que hoy en día son ejemplos de superación y desarrollo. De ninguna forma queremos presentar la solución a este interesante dilema conceptual, lo que si queremos es aportar con esta investigación a dar los primeros pasos hacia la construcción de un esquema que nos permita establecer el Perfil del Emprendedor de nuestra región, hemos iniciado este trabajo con los Estudiantes del Diplomado en Emprendimiento e Innovación de la Universidad de Cuenca Primera Versión, proceso educativo desarrollado de Julio 2009 a Marzo de 2010. 
650 0 |a Emprendimientos  |9 165341 
650 |a Rasgos de personalidad  |9 166044 
650 |a Plan de negocios  |9 48609 
650 |a Emprendimiento  |9 97428 
650 |a Tesis de diplomado superior en emprendimiento e innovacion  |9 165405 
852 |a UC-CDJBV  |c ESTANTERIA CERRADA  |f Donación  |k guillermina.martinez  |l 1  |m Limitada  |p 20100712  |q 1,00  |t TD4-331  |b 1  |d CDRC  |e CDRC  |g  ESTANTERIA CERRADA  |u http://nas.ucuenca.edu.ec/BibliotecaDigital/ebooks/td4331.pdf  |z 2010-00-71 
856 |u http://nas.ucuenca.edu.ec/BibliotecaDigital/ebooks/td4331.pdf 
942 |c TS 
999 |c 90693  |d 90693